| 000 -LEADER |
| fixed length control field |
00420nam a22001337a 4500 |
| 008 - FIXED-LENGTH DATA ELEMENTS--GENERAL INFORMATION |
| fixed length control field |
250916b 2014 ||||| |||| 00| 0 eng d |
| 020 ## - INTERNATIONAL STANDARD BOOK NUMBER |
| International Standard Book Number |
978-92-801-1600-7 |
| 110 ## - MAIN ENTRY--CORPORATE NAME |
| Corporate name or jurisdiction name as entry element |
IMO : International Maritime Organization |
| 245 ## - TITLE STATEMENT |
| Title |
A pocket guide to recovery techniques (2014 Edition) |
| 250 ## - EDITION STATEMENT |
| Edition statement |
2014 ed. |
| 260 ## - PUBLICATION, DISTRIBUTION, ETC. (IMPRINT) |
| Place of publication, distribution, etc |
London |
| Name of publisher, distributor, etc |
IMO : International Maritime Organization |
| Date of publication, distribution, etc |
2014 |
| 300 ## - PHYSICAL DESCRIPTION |
| Extent |
Digital Format |
| 942 ## - ADDED ENTRY ELEMENTS (KOHA) |
| Item type |
E-Book |